000
00278nam a22001217a 4500
008
170407b xxu||||| |||| 00| 0 eng d
041
_a
eng
080
_2
3RD
_a
616
100
_a
9
101
_a
SHM
245
_a
MEDICOLEGAL INVESTIGATION OF DEATH
_c
SPITZ, W.U
942
_2
udc
_c
BK
999
_c
10218
_d
10218